000 00418nam a2200181Ia 4500
001 16294
005 20260306170259.0
008 260306t2012||||xx |||||||||||||| ||und||
041 _aESP
082 _a347.6
_bL86
100 _aLópez Sánchez, Javier
_eAUT
245 0 _aProceso concursal
260 _c2012
300 _a789 páginas :
_c24 cm.
650 _aGEN
654 _aCDE
942 _cLIB
_dJUS
_fJUS
_2ddc
_n
999 _c16294
_d16294